000 00318 a2200109 4500
001 ART_40948
005 20260410161647.0
008 260409a
245 1 0 _aLas facultades de inspección
100 1 _aCaranta, Martín R.
773 0 _tConsultor tributario
_g- Año 10, Nº 118 (dic. 2016)
_wREV474
999 _c13846
_d13846